000 01535nam a2200373 i 4500
999 _c64170
_d64170
001 19192512
003 CO-MdFUSB
005 20180119083607.0
008 160726t20162016miu g b 000 0 eng
010 _a 2016033602
020 _a9780802873705 (pbk. : alk. paper)
040 _aDLC
_bspa
_cCO-MdFUSB
_erda
_dCO-MdFUSB
041 _aeng
042 _apcc
082 0 0 _224
_aG 215
_bB268b
100 1 _aBarr, Stephen M.,
_d1953-
_eautor
240 1 0 _aEssays.
242 1 3 _aEl científico creyente
_b: ensayos sobre ciencia y religión
_lInglés
245 1 4 _aThe believing scientist
_b: essays on science and religion
_c/ Stephen M. Barr.
264 1 _aGrand Rapids, Michigan :
_bWilliam B. Eerdmans Publishing Company,
_c℗[2016]
264 4 _c©2016
300 _avi, 226 páginas ;
_c23 cm
_b:
336 _2rdacontent
_atexto
_btxt
337 _2rdamedia
_asin mediación
_bn
338 _2rdacarrier
_avolumen
_bnc
504 _aNotas (p. 212- 219)
505 _aCiencia versus religión? -- Evolución -- Mente y alma -- El big bang y la creación -- Reduccionismo -- La ciencia como sustituto de la religión -- Encontrar a Dios a través de la ciencia -- Mitos traviesos sobre revolucionarios científicos
650 7 _aReligión y ciencia
_9259
906 _a7
_bcbc
_corignew
_d1
_eecip
_f20
_gy-gencatlg
942 _cBK